000 00326nmm a2200145 a 4500
003 AR-BaBNM
005 20251128203142.0
008 163119s1924 ||||||||||||||000 | spa||
040 _cAR-BaBNM
100 1 _aLugones, Leopoldo
245 1 0 _aRomancero
260 _a[S.l.]
_bBabel
_c1924
942 _cBK
998 _cMATO MOURAZOS
999 _c2151
_d2151